<?xml version="1.0" encoding="UTF-8"?>
<record
    xmlns:xsi="http://www.w3.org/2001/XMLSchema-instance"
    xsi:schemaLocation="http://www.loc.gov/MARC21/slim http://www.loc.gov/standards/marcxml/schema/MARC21slim.xsd"
    xmlns="http://www.loc.gov/MARC21/slim">

  <leader>02754    a2200325   4500</leader>
  <controlfield tag="003">NALT</controlfield>
  <controlfield tag="005">20211216111240.0</controlfield>
  <controlfield tag="008">211216b        th ||||| |||| 00| 0 tha d</controlfield>
  <datafield tag="020" ind1=" " ind2=" ">
    <subfield code="a">9789748185972</subfield>
  </datafield>
  <datafield tag="040" ind1=" " ind2=" ">
    <subfield code="a">NALT</subfield>
  </datafield>
  <datafield tag="090" ind1=" " ind2=" ">
    <subfield code="a">AE 60</subfield>
    <subfield code="b">&#xE04;962&#xE2A; 2560</subfield>
  </datafield>
  <datafield tag="100" ind1=" " ind2=" ">
    <subfield code="a">&#xE42;&#xE04;&#xE23;&#xE07;&#xE01;&#xE32;&#xE23;&#xE2A;&#xE32;&#xE23;&#xE32;&#xE19;&#xE38;&#xE01;&#xE23;&#xE21;&#xE44;&#xE17;&#xE22;&#xE2A;&#xE33;&#xE2B;&#xE23;&#xE31;&#xE1A;&#xE40;&#xE22;&#xE32;&#xE27;&#xE0A;&#xE19;&#xE2F;</subfield>
  </datafield>
  <datafield tag="110" ind1="2" ind2=" ">
    <subfield code="9">8142</subfield>
    <subfield code="a">&#xE42;&#xE04;&#xE23;&#xE07;&#xE01;&#xE32;&#xE23;&#xE2A;&#xE32;&#xE23;&#xE32;&#xE19;&#xE38;&#xE01;&#xE23;&#xE21;&#xE44;&#xE17;&#xE22;&#xE2A;&#xE33;&#xE2B;&#xE23;&#xE31;&#xE1A;&#xE40;&#xE22;&#xE32;&#xE27;&#xE0A;&#xE19; &#xE42;&#xE14;&#xE22;&#xE1E;&#xE23;&#xE30;&#xE23;&#xE32;&#xE0A;&#xE1B;&#xE23;&#xE30;&#xE2A;&#xE07;&#xE04;&#xE4C;&#xE43;&#xE19;&#xE1E;&#xE23;&#xE30;&#xE1A;&#xE32;&#xE17;&#xE2A;&#xE21;&#xE40;&#xE14;&#xE47;&#xE08;&#xE1E;&#xE23;&#xE30;&#xE40;&#xE08;&#xE49;&#xE32;&#xE2D;&#xE22;&#xE39;&#xE48;&#xE2B;&#xE31;&#xE27;</subfield>
  </datafield>
  <datafield tag="245" ind1="1" ind2="0">
    <subfield code="a">&#xE2A;&#xE32;&#xE23;&#xE32;&#xE19;&#xE38;&#xE01;&#xE23;&#xE21;&#xE44;&#xE17;&#xE22;&#xE2A;&#xE33;&#xE2B;&#xE23;&#xE31;&#xE1A;&#xE40;&#xE22;&#xE32;&#xE27;&#xE0A;&#xE19; &#xE42;&#xE14;&#xE22;&#xE1E;&#xE23;&#xE30;&#xE23;&#xE32;&#xE0A;&#xE1B;&#xE23;&#xE30;&#xE2A;&#xE07;&#xE04;&#xE4C;&#xE43;&#xE19;&#xE1E;&#xE23;&#xE30;&#xE1A;&#xE32;&#xE17;&#xE2A;&#xE21;&#xE40;&#xE14;&#xE47;&#xE08;&#xE1E;&#xE23;&#xE30;&#xE40;&#xE08;&#xE49;&#xE32;&#xE2D;&#xE22;&#xE39;&#xE48;&#xE2B;&#xE31;&#xE27; &#xE09;&#xE1A;&#xE31;&#xE1A;&#xE40;&#xE2A;&#xE23;&#xE34;&#xE21;&#xE01;&#xE32;&#xE23;&#xE40;&#xE23;&#xE35;&#xE22;&#xE19;&#xE23;&#xE39;&#xE49; &#xE40;&#xE25;&#xE48;&#xE21; 5 / </subfield>
    <subfield code="c">&#xE42;&#xE04;&#xE23;&#xE07;&#xE01;&#xE32;&#xE23;&#xE2A;&#xE32;&#xE23;&#xE32;&#xE19;&#xE38;&#xE01;&#xE23;&#xE21;&#xE44;&#xE17;&#xE22;&#xE2A;&#xE33;&#xE2B;&#xE23;&#xE31;&#xE1A;&#xE40;&#xE22;&#xE32;&#xE27;&#xE0A;&#xE19; &#xE42;&#xE14;&#xE22;&#xE1E;&#xE23;&#xE30;&#xE23;&#xE32;&#xE0A;&#xE1B;&#xE23;&#xE30;&#xE2A;&#xE07;&#xE04;&#xE4C;&#xE43;&#xE19;&#xE1E;&#xE23;&#xE30;&#xE1A;&#xE32;&#xE17;&#xE2A;&#xE21;&#xE40;&#xE14;&#xE47;&#xE08;&#xE1E;&#xE23;&#xE30;&#xE40;&#xE08;&#xE49;&#xE32;&#xE2D;&#xE22;&#xE39;&#xE48;&#xE2B;&#xE31;&#xE27; ; &#xE1C;&#xE39;&#xE49;&#xE40;&#xE23;&#xE35;&#xE22;&#xE1A;&#xE40;&#xE23;&#xE35;&#xE22;&#xE07; &#xE44;&#xE1E;&#xE11;&#xE39;&#xE23;&#xE22;&#xE4C; &#xE1E;&#xE07;&#xE28;&#xE30;&#xE1A;&#xE38;&#xE15;&#xE23;, &#xE13;&#xE34;&#xE0F;&#xE10;&#xE32;&#xE23;&#xE31;&#xE15;&#xE19;&#xE4C; &#xE1B;&#xE20;&#xE32;&#xE27;&#xE2A;&#xE34;&#xE17;&#xE18;&#xE34;&#xE4C;, &#xE08;&#xE34;&#xE23;&#xE32;&#xE22;&#xE38;&#xE1E;&#xE34;&#xE19; &#xE08;&#xE31;&#xE19;&#xE17;&#xE23;&#xE1B;&#xE23;&#xE30;&#xE2A;&#xE07;&#xE04;&#xE4C;, &#xE01;&#xE48;&#xE2D;&#xE07;&#xE01;&#xE32;&#xE19;&#xE14;&#xE32; &#xE0A;&#xE22;&#xE32;&#xE21;&#xE24;&#xE15;.</subfield>
  </datafield>
  <datafield tag="246" ind1="1" ind2="8">
    <subfield code="a">&#xE01;&#xE32;&#xE23;&#xE17;&#xE48;&#xE2D;&#xE07;&#xE40;&#xE17;&#xE35;&#xE48;&#xE22;&#xE27;&#xE40;&#xE0A;&#xE34;&#xE07;&#xE19;&#xE34;&#xE40;&#xE27;&#xE28; &#xE2A;&#xE31;&#xE15;&#xE27;&#xE4C;&#xE43;&#xE19;&#xE23;&#xE30;&#xE1A;&#xE1A;&#xE19;&#xE34;&#xE40;&#xE27;&#xE28;&#xE1B;&#xE48;&#xE32;&#xE0A;&#xE32;&#xE22;&#xE40;&#xE25;&#xE19; &#xE2A;&#xE27;&#xE19;&#xE1E;&#xE24;&#xE01;&#xE29;&#xE28;&#xE32;&#xE2A;&#xE15;&#xE23;&#xE4C;.</subfield>
  </datafield>
  <datafield tag="250" ind1=" " ind2=" ">
    <subfield code="a">&#xE1E;&#xE34;&#xE21;&#xE1E;&#xE04;&#xE23;&#xE31;&#xE49;&#xE07;&#xE17;&#xE35;&#xE48; 13</subfield>
  </datafield>
  <datafield tag="260" ind1=" " ind2=" ">
    <subfield code="a">&#xE01;&#xE23;&#xE38;&#xE07;&#xE40;&#xE17;&#xE1E;&#xE2F; :</subfield>
    <subfield code="b">&#xE42;&#xE04;&#xE23;&#xE07;&#xE01;&#xE32;&#xE23;&#xE2A;&#xE32;&#xE23;&#xE32;&#xE19;&#xE38;&#xE01;&#xE23;&#xE21;&#xE44;&#xE17;&#xE22;&#xE2A;&#xE33;&#xE2B;&#xE23;&#xE31;&#xE1A;&#xE40;&#xE22;&#xE32;&#xE27;&#xE0A;&#xE19; &#xE42;&#xE14;&#xE22;&#xE1E;&#xE23;&#xE30;&#xE23;&#xE32;&#xE0A;&#xE1B;&#xE23;&#xE30;&#xE2A;&#xE07;&#xE04;&#xE4C;&#xE43;&#xE19;&#xE1E;&#xE23;&#xE30;&#xE1A;&#xE32;&#xE17;&#xE2A;&#xE21;&#xE40;&#xE14;&#xE47;&#xE08;&#xE1E;&#xE23;&#xE30;&#xE40;&#xE08;&#xE49;&#xE32;&#xE2D;&#xE22;&#xE39;&#xE48;&#xE2B;&#xE31;&#xE27;,</subfield>
    <subfield code="c">2560.</subfield>
  </datafield>
  <datafield tag="300" ind1=" " ind2=" ">
    <subfield code="a">188 &#xE2B;&#xE19;&#xE49;&#xE32; :</subfield>
    <subfield code="b">&#xE20;&#xE32;&#xE1E;&#xE1B;&#xE23;&#xE30;&#xE01;&#xE2D;&#xE1A; ;</subfield>
    <subfield code="c">21 &#xE0B;&#xE21;.</subfield>
  </datafield>
  <datafield tag="650" ind1=" " ind2="4">
    <subfield code="9">8150</subfield>
    <subfield code="a">&#xE2A;&#xE32;&#xE23;&#xE32;&#xE19;&#xE38;&#xE01;&#xE23;&#xE21;</subfield>
  </datafield>
  <datafield tag="650" ind1=" " ind2="4">
    <subfield code="9">13433</subfield>
    <subfield code="a">&#xE01;&#xE32;&#xE23;&#xE17;&#xE48;&#xE2D;&#xE07;&#xE40;&#xE17;&#xE35;&#xE48;&#xE22;&#xE27;&#xE40;&#xE0A;&#xE34;&#xE07;&#xE19;&#xE34;&#xE40;&#xE27;&#xE28; </subfield>
  </datafield>
  <datafield tag="650" ind1=" " ind2="4">
    <subfield code="9">22832</subfield>
    <subfield code="a">&#xE19;&#xE34;&#xE40;&#xE27;&#xE28;&#xE27;&#xE34;&#xE17;&#xE22;&#xE32;&#xE1B;&#xE48;&#xE32;&#xE0A;&#xE32;&#xE22;&#xE40;&#xE25;&#xE19;</subfield>
  </datafield>
  <datafield tag="650" ind1=" " ind2="4">
    <subfield code="9">55138</subfield>
    <subfield code="a">&#xE2A;&#xE27;&#xE19;&#xE1E;&#xE24;&#xE01;&#xE29;&#xE28;&#xE32;&#xE2A;&#xE15;&#xE23;&#xE4C;</subfield>
  </datafield>
  <datafield tag="700" ind1="0" ind2=" ">
    <subfield code="9">55134</subfield>
    <subfield code="a">&#xE44;&#xE1E;&#xE11;&#xE39;&#xE23;&#xE22;&#xE4C; &#xE1E;&#xE07;&#xE28;&#xE30;&#xE1A;&#xE38;&#xE15;&#xE23;</subfield>
  </datafield>
  <datafield tag="700" ind1="0" ind2=" ">
    <subfield code="9">55136</subfield>
    <subfield code="a">&#xE13;&#xE34;&#xE0F;&#xE10;&#xE32;&#xE23;&#xE31;&#xE15;&#xE19;&#xE4C; &#xE1B;&#xE20;&#xE32;&#xE27;&#xE2A;&#xE34;&#xE17;&#xE18;&#xE34;&#xE4C;</subfield>
  </datafield>
  <datafield tag="700" ind1="0" ind2=" ">
    <subfield code="9">55137</subfield>
    <subfield code="a">&#xE08;&#xE34;&#xE23;&#xE32;&#xE22;&#xE38;&#xE1E;&#xE34;&#xE19; &#xE08;&#xE31;&#xE19;&#xE17;&#xE23;&#xE1B;&#xE23;&#xE30;&#xE2A;&#xE07;&#xE04;&#xE4C;</subfield>
  </datafield>
  <datafield tag="700" ind1="0" ind2=" ">
    <subfield code="9">35250</subfield>
    <subfield code="a">&#xE01;&#xE48;&#xE2D;&#xE07;&#xE01;&#xE32;&#xE19;&#xE14;&#xE32; &#xE0A;&#xE22;&#xE32;&#xE21;&#xE24;&#xE15;</subfield>
  </datafield>
  <datafield tag="850" ind1=" " ind2=" ">
    <subfield code="a">NALT</subfield>
  </datafield>
  <datafield tag="942" ind1=" " ind2=" ">
    <subfield code="2">local</subfield>
    <subfield code="c">REF</subfield>
  </datafield>
  <datafield tag="998" ind1=" " ind2=" ">
    <subfield code="a">phon</subfield>
    <subfield code="b">phon</subfield>
    <subfield code="c">phon</subfield>
    <subfield code="j">104</subfield>
    <subfield code="k"> &#xE2A;&#xE32;&#xE22;&#xE1D;&#xE19; &#xE14;&#xE35;&#xE07;&#xE32;&#xE21;</subfield>
  </datafield>
  <datafield tag="999" ind1=" " ind2=" ">
    <subfield code="c">98339</subfield>
    <subfield code="d">98339</subfield>
  </datafield>
  <datafield tag="952" ind1=" " ind2=" ">
    <subfield code="0">0</subfield>
    <subfield code="1">0</subfield>
    <subfield code="2">lcc</subfield>
    <subfield code="4">0</subfield>
    <subfield code="7">0</subfield>
    <subfield code="8">CREF</subfield>
    <subfield code="a">NALT</subfield>
    <subfield code="b">NALT</subfield>
    <subfield code="c">REF</subfield>
    <subfield code="d">2021-06-02</subfield>
    <subfield code="e">3</subfield>
    <subfield code="o">&#xE2D; AE 60 &#xE04;962&#xE2A; 2560 &#xE25;.5</subfield>
    <subfield code="p">3961212122</subfield>
    <subfield code="r">2022-02-21 00:00:00</subfield>
    <subfield code="w">2021-06-02</subfield>
    <subfield code="y">REF</subfield>
  </datafield>
</record>
